000 00596nam a2200181Ia 4500
003 GCL
008 140319s9999 xx 000 0 ara d
040 _aGCL /
_cGCL
082 0 4 _a920.71,
_bع ا
100 1 _aالعرضى , الحلبى ابوالوفاء بن
245 1 0 _aمعادن الذهب فى الاعيان المشرفة بهم حلب /
_cالعرضى , الحلبى ابوالوفاء بن
700 1 _aمحمد التونجى
260 _a[S.N] :
_bدار الملاح ،
_c1987
300 _a392 ص
490 _a
650 0 4 _aسوريا القديمة
942 _2ddc
_cBK
999 _c32408
_d32408